| 000 | 00409nam a2200169Ia 4500 | ||
|---|---|---|---|
| 008 | 220204s9999 xx 000 0 und d | ||
| 082 |
_a58/581 _bWYM |
||
| 100 | _aWYMAN, Donald | ||
| 245 | 0 | _aGround cover plants | |
| 260 |
_aNew York _bMacmillan company _c1956 |
||
| 650 | _aFertilizing | ||
| 650 | _aGround covers | ||
| 650 | _aMulching | ||
| 650 | _aPruning | ||
| 650 | _aRooting medium | ||
| 942 | _cBK | ||
| 999 |
_c19354 _d19354 |
||